El Dios crucificado / (Record no. 649)

MARC details
000 -LEADER
campo de control de longitud fija 01395ntaaa2200373 4500
003 - IDENTIFICADOR DE NÚMERO DE CONTROL
campo de control 01
005 - FECHA Y HORA DE LA ÚLTIMA TRANSACCIÓN
campo de control 20251027200608.0
008 - DATOS DE LONGITUD FIJA--INFORMACIÓN GENERAL
campo de control de longitud fija 0714s1973 ag 01
020 ## - NÚMERO INTERNACIONAL ESTÁNDAR DEL LIBRO
Número Internacional Estándar del Libro 8430106626
040 ## - FUENTE DE CATALOGACIÓN
Centro catalogador/agencia de origen AR-BaBN
Lengua de catalogación spa
Centro/agencia transcriptor AR-BaBN
Normas de descripción aacr
Centro/agencia modificador RIC
082 ## - NÚMERO DE LA CLASIFICACIÓN DECIMAL DEWEY
Número de clasificación 232.4 M73d
100 ## - ENTRADA PRINCIPAL--NOMBRE DE PERSONA
Nombre de persona Moltmann, Jürgen
245 ## - MENCIÓN DEL TÍTULO
Título El Dios crucificado /
Mención de responsabilidad, etc. Jürgen Moltmann, traducido por Severiano Talavero Tovar
260 ## - PUBLICACIÓN, DISTRIBUCIÓN, ETC.
Lugar de publicación, distribución, etc. Salamanca :
Nombre del editor, distribuidor, etc. Eds. Sígueme,
Fecha de publicación, distribución, etc. 1975
300 ## - DESCRIPCIÓN FÍSICA
Extensión 479 p. ;
Dimensiones 19 cm.
490 ## - MENCIÓN DE SERIE
Mención de serie Verdad e imagen ;
Designación de volumen o secuencia 41
500 ## - NOTA GENERAL
Nota general Título original: Der gekreuzigte Gott
500 ## - NOTA GENERAL
Nota general Subtítulo: La cruz de Cristo como base y crítica de toda teología cristiana
500 ## - NOTA GENERAL
Nota general Ed. original en alemán: Chr. Kaiser Verlag
500 ## - NOTA GENERAL
Nota general Contiene referencias bibliográficas
500 ## - NOTA GENERAL
Nota general Incluye índices
505 ## - NOTA DE CONTENIDO CON FORMATO
Título 1. Identidad y relevancia de la fe
505 ## - NOTA DE CONTENIDO CON FORMATO
Título 2. Las resistencias de la cruz contra sus explicaciones
505 ## - NOTA DE CONTENIDO CON FORMATO
Título 3. Las cuestiones sobre Jesús
505 ## - NOTA DE CONTENIDO CON FORMATO
Título 4. El proceso histórico de Jesús
505 ## - NOTA DE CONTENIDO CON FORMATO
Título 5. El proceso escatológico de Jesucristo
505 ## - NOTA DE CONTENIDO CON FORMATO
Título 6. El «Dios crucificado»
505 ## - NOTA DE CONTENIDO CON FORMATO
Título 7. Vías para la liberación psíquica del hombre
505 ## - NOTA DE CONTENIDO CON FORMATO
Título 8. Caminos para la liberación política del hombre
650 ## - PUNTO DE ACCESO ADICIONAL DE MATERIA--TÉRMINO DE MATERIA
Término de materia o nombre geográfico como elemento de entrada Teologia de la Cruz
9 (RLIN) 1722
650 ## - PUNTO DE ACCESO ADICIONAL DE MATERIA--TÉRMINO DE MATERIA
Término de materia o nombre geográfico como elemento de entrada Cristologia
9 (RLIN) 1723
700 ## - ENTRADA AGREGADA--NOMBRE PERSONAL
Nombre de persona Talavero Tovar, Severiano
Término indicativo de función/relación traductor
9 (RLIN) 1724
942 ## - ELEMENTOS DE ENTRADA SECUNDARIOS (KOHA)
Tipo de ítem Koha Colección General
Holdings
Estatus retirado Estado de pérdida Estado de daño No para préstamo Biblioteca de origen Biblioteca actual Fecha de adquisición Número de inventario Total de préstamos Signatura topográfica completa Código de barras Visto por última vez Precio de reemplazo Tipo de ítem Koha
        Biblioteca Pluis Biblioteca Pluis 27/10/2025 034062   232.4 M73d 034062 27/10/2025 27/10/2025 RESERVADO